000 00480nam a22001817a 4500
003 BD-ChCU
005 20251124094428.0
008 251124b bg ||||| |||| 00| 0 ben d
040 _cBD-ChCU
082 _a150 SOP (3)
100 _aSorenson , Herbert .
_916719
245 _aPsychology for living ./
_cHerbert , Sorenson.
250 _a3rd ed.
260 _aBombay :
_bMcgraw -hill ,
_cC 1948
300 _axiii , 434p
650 0 _aPsychology.
_916722
942 _2ddc
_cBK
_n0
999 _c109739
_d109739